|
|
|
|
| LEADER |
01500nam a22002657a 4500 |
| 001 |
39666 |
| 003 |
BD-DhAAL |
| 008 |
220922t2021 enk 000|0|eng|d |
| 999 |
|
|
|c 44565
|d 44565
|
| 020 |
|
|
|a 9781838821593
|
| 040 |
|
|
|a BD-DhAAL
|c BD-DhAAL
|
| 082 |
|
|
|a 006.35
|2 23
|
| 100 |
|
|
|a Ravichandiran, Sudharsan,
|e author.
|9 51536
|
| 245 |
|
|
|a Getting started with Google BERT :
|b build and train state-of-the-art natural language processing models using BERT /
|c Sudharsan Ravichandiran.
|
| 260 |
|
|
|a Birmingham :
|b Packt Publishing,
|c 2021.
|
| 300 |
|
|
|a vii, 335 pages :
|b illustrations ;
|c 24 cm.
|
| 526 |
|
|
|a CSE
|
| 541 |
|
|
|a Book Finder International
|e 39666, 39667, 39668
|
| 650 |
|
|
|a Natural language processing (Computer science).
|9 51537
|
| 650 |
|
|
|a Computer science.
|9 51538
|
| 852 |
|
|
|a Ayesha Abed Library
|c General Stacks
|
| 942 |
|
|
|2 ddc
|c BK
|
| 952 |
|
|
|0 0
|1 0
|2 ddc
|4 0
|6 006_350000000000000_RAV
|7 0
|9 71809
|a BRACUL
|b BRACUL
|c GEN
|d 2022-09-11
|e Book Finder International
|g 3155.17
|l 5
|m 32
|o 006.35 RAV
|p 3010039668
|r 2025-02-18
|s 2025-02-11
|t 3
|v 3155.17
|w 2022-09-11
|y BK
|
| 952 |
|
|
|0 0
|1 0
|2 ddc
|4 0
|6 006_350000000000000_RAV
|7 0
|9 71810
|a BRACUL
|b BRACUL
|c GEN
|d 2022-09-11
|e Book Finder International
|g 3155.17
|l 5
|m 56
|o 006.35 RAV
|p 3010039667
|q 2026-05-21
|r 2025-12-14
|s 2025-12-14
|t 2
|v 3155.17
|w 2022-09-11
|y BK
|
| 952 |
|
|
|0 0
|1 0
|2 ddc
|4 0
|6 006_350000000000000_RAV
|7 0
|9 71811
|a BRACUL
|b BRACUL
|c GEN
|d 2022-09-11
|e Book Finder International
|g 3155.17
|l 3
|m 59
|o 006.35 RAV
|p 3010039666
|r 2025-07-03
|s 2024-12-30
|t 1
|v 3155.17
|w 2022-09-11
|y BK
|